| 000 | 00000nam##2200000za#4500 |
| 001 | 9.614618 |
| 003 | CaOODSP |
| 005 | 20220111083444 |
| 007 | ta |
| 008 | 150406|1998||||xxc||||| f|0| 0 eng|d |
| 020 | |a0-662-27338-9 |
| 022 | |a1713-0638 |
| 040 | |aCaOODSP|beng |
| 043 | |an-cn--- |
| 086 | 1 |aNE22-1/1998-9E |
| 110 | 1 |aCanada. |bNational Energy Board. |
| 245 | 10|aIn the matter of Sable Offshore Energy Inc. : |bapplication dated 9 June 1998 for approval of the plan, profile and book of reference respecting the detailed route of a subsea pipeline from the Thebaud platform to landfall near Goldboro Nova Scotia; and an onshore pipeline from the landfall point to the inlet of the gas processing plant located east of Goldboro, Nova Scotia |
| 260 | |aCalgary - Alberta : |bNational Energy Board |c1998. |
| 300 | |a16p. : |bfig., tables ; |c28 cm. |
| 490 | 1 |aReasons for decision|x1713-0638 |
| 563 | |aSoftcover |
| 590 | |a98-47|b1998-11-20 |
| 775 | 08|tRelativement à Sable Offshore Energy Inc. : |w(CaOODSP)9.624908 |
| 776 | 0#|tReasons for decision in the matter of Sable Offshore Energy Inc. : |w(CaOODSP)9.572550 |
| 830 | #0|aReasons for decision (Canada. National Energy Board)|x1713-0638|w(CaOODSP)9.514808 |
| 986 | |aMH-4-98 |